[Event "Melbourne Black Opal"]
[Site "Melbourne"]
[Date "1998.01.16"]
[Round "5"]
[White "Rogers, Ian"]
[Black "Johansen, Darryl K"]
[Result "1/2-1/2"]
[WhiteElo "2570"]
[BlackElo "2490"]

1.e4 c5 2.Nf3 e6 3.d4 cxd4 4.Nxd4 a6 5.Bd3 Qb6 6.Nb3 Qc7 7.O-O Nf6 8.c4 b6
9.Nc3 Bb7 10.f4 d6 11.Qe2 Nbd7 12.Bd2 Be7 13.Rae1 Rd8 14.Kh1 O-O 15.Rf3 Rfe8
16.Rh3 Nf8 17.Nd4 N6d7 18.Nc2 Nc5 19.Ne3 Nxd3 20.Qxd3 Qc6 21.Qe2 Rc8 22.f5 Bg5
23.Rf1 Bxe3 24.fxe6 Rxe6 25.Bxe3 Qxc4 26.Qf2 f6 27.Bxb6 Bxe4 28.Nxe4 Qxe4
29.Re3 Qd5 30.Ra3 Qb5 31.Rb3 Qe2 32.Ra3 Rc2 33.Qxe2 Rexe2 34.Rxa6 Rxg2 35.Bg1 Rxb2
36.a4 Rgd2 37.a5 Kf7 38.Ra7+ Kg6 39.a6 Ne6 40.Re7 Nc5 41.a7 Ra2 42.Rf3 Ra1
43.Rg3+ Kf5 44.Rf3+ Kg6 45.Rg3+ Kf5 46.Rf3+ Kg6  1/2-1/2

[Event "Anibal op 5th"]
[Site "Linares"]
[Date "1998.01.23"]
[Round "4"]
[White "Agnos, Demetrios"]
[Black "Kreiman, Boris"]
[Result "1-0"]
[WhiteElo "2475"]
[BlackElo "2445"]

1.e4 c5 2.Nf3 e6 3.d4 cxd4 4.Nxd4 a6 5.Bd3 Qb6 6.Nb3 Qc7 7.O-O Nf6 8.c4 d6
9.Nc3 Nbd7 10.Be3 b6 11.a4 Be7 12.a5 O-O 13.Qe2 Rb8 14.axb6 Nxb6 15.Na5 Nfd7
16.b4 Ne5 17.Rfc1 Nbd7 18.Rab1 Nxd3 19.Qxd3 Nf6 20.f3 Bd7 21.Qd2 Rfc8 22.Ne2 Ra8
23.Nd4 Qd8 24.Ndb3 Ba4 25.Qa2 Bxb3 26.Qxb3 Nd7 27.Qa2 Rab8 28.Rd1 h6 29.b5 axb5
30.cxb5 Ra8 31.b6 Ra6 32.b7 Rb8 33.Rb5 Qc7 34.Qd2 Nc5 35.Bxc5 dxc5 36.Qd7 Bd6
37.Rxd6 Qxd6 38.Qxd6 Rxd6 39.Rxc5 Rf8 40.Rc8 Rb6 41.Kf2 g5 42.Ke3 Kg7 43.Rxf8 Kxf8
44.Kd4 Ke8 45.Kc5 Rb1 46.Kd6 f5 47.e5  1-0

[Event "Ubeda op"]
[Site "Ubeda"]
[Date "1998.01.24"]
[Round "5"]
[White "Herrera, Irisberto"]
[Black "Peralta, Fernando"]
[Result "0-1"]
[WhiteElo "2445"]
[BlackElo "2360"]

1.e4 c5 2.Nf3 e6 3.d4 cxd4 4.Nxd4 a6 5.Bd3 Qc7 6.O-O Nf6 7.Qe2 d6 8.c4 g6
9.Nc3 Bg7 10.Nf3 O-O 11.Rd1 Nc6 12.Bf4 Nd7 13.Rac1 Nde5 14.b3 b6 15.Bb1 Nxf3+
16.Qxf3 Ne5 17.Qe2 Bb7 18.Be3 f5 19.Na4 fxe4 20.Nxb6 Rab8 21.Na4 Qe7 22.Qd2 Rbd8
23.Bg5 Bf6 24.Bh6 Rf7 25.Bf4 Bh4 26.Rf1 Rdf8 27.Bxe5 e3 28.fxe3 Rf2 29.Rxf2 Rxf2
30.Qxf2 Bxf2+ 31.Kxf2 dxe5 32.Nc3 Qh4+ 33.g3 Qxh2+ 34.Ke1 Qxg3+ 35.Kd2 Qf2+
36.Ne2 Bf3 37.Re1 h5 38.c5 h4 39.Bd3 h3  0-1

[Event "Anibal op 5th"]
[Site "Linares"]
[Date "1998.01.28"]
[Round "9"]
[White "Lalic, Bogdan"]
[Black "Kunte, Abhijit"]
[Result "1-0"]
[WhiteElo "2545"]
[BlackElo "2460"]

1.e4 c5 2.Nf3 e6 3.d4 cxd4 4.Nxd4 a6 5.Bd3 Qc7 6.O-O Nc6 7.Nxc6 bxc6 8.Be3 Nf6
9.c4 d6 10.Nc3 e5 11.b4 Be7 12.Rc1 O-O 13.h3 Be6 14.Nd5 Qb7 15.Nxe7+ Qxe7
16.Qa4 a5 17.b5 c5 18.Bg5 h6 19.Bxf6 Qxf6 20.Qd1 Rfb8 21.Re1 Kf8 22.Re3 Ke7
23.Rc3 Kd7 24.Be2 Kc7 25.Bg4 g6 26.Bxe6 Qxe6 27.Qf3 h5 28.Red3 f6 29.Rd5 h4
30.Rcd3 Rb6 31.Qe3 g5 32.Qd2 Ra7 33.Ra3 a4 34.Qd1 f5 35.Rxa4 Rxa4 36.Qxa4 fxe4
37.Qa7+ Rb7 38.Qa8 Qf6 39.a4 Qf4 40.Qa5+ Kc8 41.Qc3 Ra7 42.Rxd6 Rxa4 43.Ra6 Rb4
44.Qa1  1-0

[Event "Ubeda op"]
[Site "Ubeda"]
[Date "1998.01.28"]
[Round "9"]
[White "De la Riva Aguado, Oscar"]
[Black "Kunte, Abhijit"]
[Result "1/2-1/2"]
[WhiteElo "2495"]
[BlackElo "2460"]

1.e4 c5 2.Nf3 e6 3.d4 cxd4 4.Nxd4 a6 5.Bd3 Nf6 6.O-O Qc7 7.Qe2 d6 8.c4 Be7
9.Nc3 O-O 10.f4 Nbd7 11.Nf3 Ne8 12.e5 g6 13.Bd2 b6 14.Rae1 Bb7 15.Kh1 Rd8
16.Be4 Bxe4 17.Nxe4 Nc5 18.exd6 Nxd6 19.Nxc5 Qxc5 20.Bc3 Nf5 21.b4  1/2-1/2

[Event "Budapest FS02 IM"]
[Site "Budapest"]
[Date "1998.02.09"]
[Round "3"]
[White "Gara, Anita"]
[Black "Brustkern, Juergen"]
[Result "1-0"]
[WhiteElo "2285"]
[BlackElo "2230"]

1.e4 c5 2.Nf3 e6 3.d4 cxd4 4.Nxd4 a6 5.Bd3 Qc7 6.O-O Nf6 7.Qe2 d6 8.c4 g6
9.Nc3 Bg7 10.Rd1 O-O 11.Nf3 Rd8 12.Bf4 Ng4 13.Rac1 b6 14.b4 Nd7 15.Na4 Nge5
16.Bg5 Nxf3+ 17.Qxf3 Re8 18.Qe2 Bb7 19.Be3 Bc6 20.Nc3 Bb7 21.f4 Rac8 22.Qf2 Bf6
23.Na4 Bd8 24.Qd2 Qb8 25.Qf2 Qa8 26.Nxb6 Nxb6 27.Bxb6 Bxe4 28.Bxe4 Qxe4 29.Bd4 Qb7
30.a3 Rc6 31.Rc2 f6 32.Kh1  1-0

[Event "Budapest FS02 IM"]
[Site "Budapest"]
[Date "1998.02.13"]
[Round "7"]
[White "Gara, Ticia"]
[Black "Toth, Andras"]
[Result "1-0"]
[WhiteElo "2235"]
[BlackElo "2325"]

1.e4 c5 2.Nf3 e6 3.d4 cxd4 4.Nxd4 a6 5.Bd3 Qb6 6.Nb3 Qc7 7.O-O d6 8.Nc3 Nf6
9.a4 b6 10.f4 Nbd7 11.Be3 Bb7 12.Qf3 Be7 13.Rae1 O-O 14.Qh3 e5 15.fxe5 Nxe5
16.Bd4 Nfd7 17.Nd5 Bxd5 18.exd5 g6 19.Nd2 Bf6 20.Kh1 Bg7 21.c4 Rae8 22.Rc1 a5
23.Ne4 h6 24.Nc3 Nc5 25.Bb1 Qd7 26.Qxd7 Nexd7 27.Bxg7 Kxg7 28.Nb5 Nb7 29.Rce1 Rxe1
30.Rxe1 Kf6 31.Kg1 Ne5 32.b3 Ke7 33.Nd4 Kd7 34.h4 h5 35.g3 Nc5 36.Kg2 Re8
37.Bc2 Re7 38.Nb5 Na6 39.Nd4 Nb4 40.Re2 Re8 41.Rf2 Re7 42.Re2 Ke8 43.Nb5 Nxc4
44.Rxe7+ Kxe7 45.bxc4 Nxc2 46.Kf3 Nb4 47.Ke4 Na6 48.Nc3 Nc5+ 49.Kd4 Kd8 50.Ke3 Kd7
51.Kf4 Nd3+ 52.Ke4 Nb2 53.Kd4 Ke7 54.Ke4 Nxc4 55.Kd4 Nb2 56.Ke4 f6 57.Kf4 Nxa4
58.Nxa4 b5 59.Nc3 b4 60.Na4 Kd7 61.Ke4 Kc7 62.Kd4 g5 63.Nb2 gxh4 64.gxh4 f5
65.Nd3 Kd7 66.Nf4 b3 67.Kc3 a4 68.Nxh5 Ke7 69.Kb2 Kf7 70.Ka3 Kg6 71.Nf4+ Kh6
72.Nd3 Kh5 73.Kxa4 b2 74.Nxb2 Kxh4 75.Nc4 f4 76.Nxd6 Kg4 77.Kb5 f3 78.Ne4  1-0

[Event "Budapest FS02 GM"]
[Site "Budapest"]
[Date "1998.02.15"]
[Round "9"]
[White "Hodjko, Vjaceslav"]
[Black "Borocz, Istvan"]
[Result "1-0"]
[WhiteElo "2380"]
[BlackElo "2430"]

1.e4 c5 2.Nf3 e6 3.d4 cxd4 4.Nxd4 a6 5.Bd3 Nc6 6.Nxc6 dxc6 7.O-O Nf6 8.e5 Nd7
9.Qe2 Qc7 10.Bf4 b5 11.Nc3 Nc5 12.Rad1 Bb7 13.b4 Nxd3 14.Rxd3 Bxb4 15.Ne4 Be7
16.Qg4 Kf8 17.Nf6 Rg8 18.Nxh7+ Ke8 19.Nf6+ Kf8 20.Rfd1 Rd8 21.Rxd8+ Bxd8
22.Nxg8 Kxg8 23.Bh6 g6 24.Bg5 Be7 25.Qh4 Bf8 26.Bf6  1-0

[Event "Budapest FS02 GM"]
[Site "Budapest"]
[Date "1998.02.16"]
[Round "10"]
[White "Borocz, Istvan"]
[Black "Fogarasi, Tibor"]
[Result "0-1"]
[WhiteElo "2430"]
[BlackElo "2440"]

1.e4 c5 2.Nf3 e6 3.d4 cxd4 4.Nxd4 a6 5.Bd3 Qb6 6.Nf3 Nc6 7.O-O d6 8.c4 Nf6
9.Nc3 Be7 10.b3 O-O 11.Bb2 Bd7 12.Rc1 Rfd8 13.Bb1 Ne5 14.c5 Qc7 15.cxd6 Qxd6
16.Qe2 Nxf3+ 17.Qxf3 Bc6 18.Qh3 Qf4 19.Ne2 Qg4 20.Qxg4 Nxg4 21.Nd4 Be8 22.Nf3 Bc6
23.Nd4 Be8 24.Nf3 Bc6 25.h3 Nf6 26.Rfe1 Bb4 27.Bc3 Ba3 28.Bxf6 gxf6 29.Rcd1 Bb4
30.Rxd8+ Rxd8 31.Rc1 Kf8 32.Bc2 Ke7 33.Nh2 Rd2 34.Nf1 Re2 35.Ng3 Rd2 36.Nf1 Rd4
37.Ng3 h6 38.Rd1 Rxd1+ 39.Bxd1 Kd6 40.Kf1 Ke5 41.Bc2 Bb5+ 42.Ne2 Bd2 43.a4 Bd7
44.Ng3 Kd4 45.Ke2 Kc3 46.Kd1 Be1 47.Nh5 Bxf2 48.Nxf6 Bc6 49.Ng4 Bg3 50.Nxh6 f5
51.Ng8 fxe4 52.Nf6 Kd4 53.Ke2 e3 54.Nh5 Be5 55.g3 Bg2 56.h4 Bh3 57.Nf4 Bg4+
58.Ke1 Bd6 59.Ne2+ Ke5 60.Bd3 Bb4+ 61.Kd1 Bf3 62.Kc2 Be1 63.Ng1 Bg4 64.Ne2 Kd6
65.Kd1 Bxg3 66.Kc2 Bxh4 67.Kc3 Be1+ 68.Kd4 Bd2 69.Ng3 e5+ 70.Ke4 Bd1 71.Bc4 Bc2+
72.Kf3 Kc5 73.Ne4+ Kb4 74.Nd6 Bd1+ 75.Be2 Bxb3  0-1

[Event "Budapest FS02 IM"]
[Site "Budapest"]
[Date "1998.02.17"]
[Round "11"]
[White "Toth, Andras"]
[Black "Brustkern, Juergen"]
[Result "1/2-1/2"]
[WhiteElo "2325"]
[BlackElo "2230"]

1.e4 c5 2.Nf3 e6 3.d4 cxd4 4.Nxd4 a6 5.Bd3 Qb6 6.Nb3 Qc7 7.c4 Nf6 8.Nc3 d6
9.O-O Be7 10.f4 O-O 11.Qe2 Nc6 12.Bd2 Rd8 13.Rae1 b6 14.Bb1 g6 15.Nd5 exd5
16.exd5 Re8 17.dxc6 Qxc6 18.Qf2 Bb7 19.Bc3 Ng4 20.Qg3 f5 21.Be4 fxe4 22.Qxg4 Qxc4
23.Nd2 Qc5+ 24.Kh1 Qf5  1/2-1/2

[Event "Budapest FS02 GM"]
[Site "Budapest"]
[Date "1998.02.18"]
[Round "12"]
[White "Acs, Peter"]
[Black "Fogarasi, Tibor"]
[Result "1/2-1/2"]
[WhiteElo "2450"]
[BlackElo "2440"]

1.e4 c5 2.Nf3 e6 3.d4 cxd4 4.Nxd4 a6 5.Bd3 Nf6 6.O-O d6 7.c4 Bd7 8.Nc3 Nc6
9.Be3 Ne5 10.Be2 Be7 11.f4 Ng6 12.Kh1 O-O 13.Qd2 e5 14.fxe5 dxe5 15.Nf5 Bb4
16.Bf3 Be6 17.Qxd8 Raxd8 18.Nd5 Nxd5 19.cxd5 Bxf5 20.exf5 Ne7 21.a3 Nxf5
22.Bb6 Rd6 23.Bc7 Rd7 24.Bxe5 Bd6 25.Bc3 Ne3 26.Rf2 f5 27.Bd4 f4 28.Re2 Re7
29.Rae1 Rfe8 30.Bxe3 Rxe3  1/2-1/2

[Event "Golden Cleopatra"]
[Site "Cairo"]
[Date "1998.03.12"]
[Round "2"]
[White "Cherevatenko, Roman"]
[Black "Afifi, Assem"]
[Result "1-0"]
[WhiteElo "2385"]
[BlackElo "2345"]

1.e4 c5 2.Nf3 e6 3.d4 cxd4 4.Nxd4 a6 5.Bd3 Nc6 6.Nxc6 dxc6 7.Nd2 e5 8.O-O Nf6
9.Nc4 Bd6 10.Be3 Bc7 11.Qe1 b5 12.Nd2 Ng4 13.Bc5 Bd6 14.Nb3 Bxc5 15.Nxc5 O-O
16.a4 Qe7 17.Qc3 Rb8 18.axb5 axb5 19.b4 Rd8 20.Ra5 Nf6 21.Rfa1 Nd7 22.Ra7 Qd6
23.Nb3 Bb7 24.Rd1 Qc7 25.Be2 Qb6 26.Raa1 f6 27.Bg4 Nf8 28.Qc5 Qc7 29.Na5 Ba8
30.g3 Kf7 31.h4 Ne6 32.Bxe6+ Kxe6 33.Nb3 Bb7 34.Kg2 Bc8 35.Rxd8 Qxd8 36.Qxc6+ Kf7
37.Ra7+ Kg6 38.Nc5 Qd1 39.Ne6 Bxe6 40.Qxe6 Kh6 41.Qf7 Qg4 42.f3 Qg6 43.Qd7  1-0

[Event "JUG-ch53"]
[Site "Belgrade "]
[Date "1998.03.18"]
[Round "5"]
[White "Knezevic, Bojan"]
[Black "Tosic, Miroslav"]
[Result "0-1"]
[WhiteElo "2420"]
[BlackElo "2505"]

1.e4 c5 2.Nf3 e6 3.d4 cxd4 4.Nxd4 a6 5.Bd3 d6 6.O-O Nd7 7.a4 Nc5 8.Be3 Nf6
9.Nd2 Be7 10.a5 O-O 11.N4b3 Nxd3 12.cxd3 e5 13.f3 d5 14.Bb6 Qe8 15.Nc5 Qb5
16.Rc1 Nd7 17.Nxd7 Bxd7 18.exd5 Qxd5 19.Qb3 Qxb3 20.Nxb3 Rfc8 21.Rfe1 Rxc1
22.Rxc1 Rc8 23.Rxc8+ Bxc8 24.d4 exd4 25.Nxd4 Kf8 26.Kf2 Bd6 27.h3 f5 28.Ke3 Kf7
29.Nb3 Ke6 30.Kd4 Be5+ 31.Kc4 Bxb2 32.Bd4 Bxd4 33.Nxd4+ Kd6 34.f4 g6 35.Ne2 Be6+
36.Kd4 Bd5 37.g4 fxg4 38.hxg4 Bf3 39.Nc3 Bxg4  0-1

[Event "Neckar op 2nd"]
[Site "Deizisau"]
[Date "1998.04.08"]
[Round "4"]
[White "Loeffler, Markus"]
[Black "Ivanov, Mikhail M"]
[Result "1/2-1/2"]
[WhiteElo "2350"]
[BlackElo "2440"]

1.e4 c5 2.Nf3 e6 3.d4 cxd4 4.Nxd4 a6 5.Bd3 Nc6 6.Be3 Nf6 7.O-O Qc7 8.Nc3 Ne5
9.h3 b5 10.Qe2 Bb7 11.f4 Nxd3 12.cxd3 Be7 13.Rac1 Qb8 14.Kh1 O-O 15.a4 b4
16.Nb1 g6 17.Nd2 Nh5 18.Qf2 f5 19.e5 g5 20.Nc4 gxf4 21.Bxf4 Kh8 22.Nd6 Nxf4
23.Qxf4 Bd5 24.Rc5 Qd8 25.Rxd5 exd5 26.N6xf5 Bc5 27.Qh6 Rg8 28.Nd6 Rg6 29.Nb7 Kg8
30.Qf4  1/2-1/2

[Event "Neckar op 2nd"]
[Site "Deizisau"]
[Date "1998.04.11"]
[Round "7"]
[White "Margolin, Boris"]
[Black "Bischoff, Klaus"]
[Result "0-1"]
[WhiteElo "2385"]
[BlackElo "2545"]

1.e4 c5 2.Nf3 e6 3.d4 cxd4 4.Nxd4 a6 5.Bd3 Qb6 6.Nb3 Qc7 7.c4 Nf6 8.Be3 d6
9.N1d2 Be7 10.f4 Nc6 11.Rc1 b6 12.Qe2 Nd7 13.O-O O-O 14.Rf3 g6 15.Rh3 Re8
16.Nf3 Nc5 17.Bb1 f5 18.exf5 exf5 19.Bxc5 dxc5 20.Ng5 Qxf4 21.Ne6 Qd6 22.Bxf5 Bf6
23.Bxg6 hxg6 24.Qe4 Bd4+  0-1

[Event "Metz op"]
[Site "Metz"]
[Date "1998.04.11"]
[Round "7"]
[White "Philippe, Christophe"]
[Black "Timoshchenko, Gennadi A"]
[Result "0-1"]
[WhiteElo "2270"]
[BlackElo "2520"]

1.e4 c5 2.Nf3 e6 3.d4 cxd4 4.Nxd4 a6 5.Bd3 Nf6 6.O-O Qc7 7.Kh1 d6 8.f4 Nbd7
9.c4 Nc5 10.Nc3 Nxd3 11.Qxd3 Be7 12.b3 O-O 13.Bb2 b6 14.Rf3 Re8 15.Raf1 Nd7
16.Rh3 Bb7 17.e5 Nf8 18.f5 dxe5 19.fxe6 Bf6 20.exf7+ Qxf7 21.Nf5 Rad8 22.Rg3 Ng6
23.Qe2 Qe6 24.Ne4 Bxe4 25.Qxe4 Rd7 26.h4 Nf4 27.h5 Nxh5 28.Rh3 g6 29.Nh6+ Kh8
30.Ng4 Bg7 31.Rhf3 Kg8 32.Nxe5 Bxe5 33.Bxe5 Qxe5 34.Rf8+ Kg7 35.Rxe8 Qxe4
36.Rxe4 Ng3+  0-1

[Event "Dreifluesse op"]
[Site "Passau"]
[Date "1998.04.11"]
[Round "3"]
[White "Pflug, Matthias"]
[Black "Jahnz, Fabian"]
[Result "1-0"]
[WhiteElo "2185"]
[BlackElo "1756"]

1.e4 c5 2.Nf3 e6 3.d4 cxd4 4.Nxd4 a6 5.Bd3 Nc6 6.Nb3 Nf6 7.O-O d5 8.exd5 Nxd5
9.c3 Bd6 10.g3 Qc7 11.Re1 h5 12.Bg5 Nde7 13.N1d2 f6 14.Be3 Qb8 15.Bb6 h4
16.Ne4 Bc7 17.Bxc7 Qxc7 18.Qg4 Kf8 19.Nec5 Ne5 20.Qe2 hxg3 21.hxg3 b6 22.Be4 Ra7
23.Nd3 N7g6 24.Nd4 Qf7 25.f4 Nxd3 26.Bxd3 e5 27.Nf3 exf4 28.Bc4 Qe7 29.Qd3 Ne5
30.Nxe5 fxe5 31.gxf4 Rd7 32.Qf5+ Qf6 33.Rxe5 Rd1+ 34.Rxd1 Bxf5 35.Rd2 Rh6
36.Rde2 Qg6+ 37.Rg2 Qf6 38.Kf2 Qh4+ 39.Kf3 Qh3+ 40.Kf2 Qh4+ 41.Kf3 Qf6 42.Rg5 Rh3+
43.Kg2 Rh6 44.Rexf5  1-0

[Event "ARG-ch"]
[Site "Buenos Aires"]
[Date "1998.04.22"]
[Round "7"]
[White "Giaccio, Alfredo"]
[Black "Spangenberg, Hugo"]
[Result "1/2-1/2"]
[WhiteElo "2460"]
[BlackElo "2530"]

1.e4 c5 2.Nf3 e6 3.d4 cxd4 4.Nxd4 a6 5.Bd3 Qb6 6.Nb3 Qc7 7.f4 d6 8.Be3 Nf6
9.Qf3 Nc6 10.Nc3 b5 11.g4 h6 12.O-O-O Bb7 13.Kb1 g6 14.Rhe1 Be7 15.h4 g5
16.a4 b4 17.Nd5 exd5 18.exd5 Nd8 19.fxg5 Nxd5 20.Be4 Nxe3 21.Rxe3 Rc8 22.Bxb7 Qxb7
23.Qf6 Rf8 24.gxh6 Ne6 25.Qf5 Qb6 26.Rde1 Bxh4 27.h7 Bxe1 28.Rxe6+ fxe6 29.Qxf8+ Kxf8
30.h8=Q+ Kf7 31.Qxc8 Bh4 32.a5 Qb5 33.Qc7+ Be7 34.Nd4 Qf1+ 35.Ka2 Qf4 36.Nc6  1/2-1/2

[Event "Serbian-ch 29th"]
[Site "Sabac"]
[Date "1998.04.22"]
[Round "3"]
[White "Vuckovic, Bojan"]
[Black "Tosic, Miroslav"]
[Result "1/2-1/2"]
[WhiteElo "2320"]
[BlackElo "2505"]

1.e4 c5 2.Nf3 e6 3.d4 cxd4 4.Nxd4 a6 5.Bd3 d6 6.O-O Nd7 7.c4 Ngf6 8.Nc3 Be7
9.b3 O-O 10.Bb2 Re8 11.f4 Bf8 12.Qf3 Nc5 13.Bc2 e5 14.fxe5 Bg4 15.Qg3 dxe5
16.Nf5 Bxf5 17.Rxf5 Ne6 18.Nd5 Nd7 19.Raf1 Bc5+ 20.Kh1 Rf8 21.b4 Bd4 22.Bc1 f6
23.c5 Kh8 24.Ba4 Rb8 25.Rh5 Rf7 26.Qg6 Qg8 27.Rxh7+ Qxh7 28.Qxf7 Ndf8 29.Ne7 g5
30.Qxf6+ Qg7 31.Bb3 Qxf6 32.Rxf6 Kg7 33.Rf5 a5 34.Nd5 axb4 35.Bxg5 Nd7 36.Nxb4 Nxg5
37.Rxg5+ Kh6 38.Rf5 Nxc5 39.Bd5 Ra8 40.Nc2 Ra5 41.h4 Rb5 42.Kh2 Rb2 43.Ne1 Be3
44.Kh3 Bd4 45.Nf3 Nd3 46.Rf6+ Kg7 47.Rf7+ Kg6 48.Nxd4 exd4 49.Rxb7 Re2 50.g3 Nf2+
51.Kg2 Nxe4+ 52.Kf3 Re3+ 53.Kf4 Nxg3 54.Rb6+ Kg7 55.Rd6 Ne2+ 56.Kg4 d3 57.Bf3 Ng1
58.Bd1 Ne2 59.a4 Rg3+ 60.Kf5 Nc3 61.Bb3 Rf3+ 62.Kg4 Re3 63.a5 Re4+ 64.Kf5 Rb4
65.Rd7+ Kf8 66.Be6 Rb5+ 67.Kg6 Rxa5 68.Rxd3 Ra6 69.Rf3+ Ke7 70.Rf7+ Ke8 71.Kf6 Ne4+
72.Ke5 Nc5 73.Bc4 Rh6 74.Rf4 Nd7+ 75.Ke4 Ke7 76.Be2 Re6+ 77.Kd3 Ne5+ 78.Kd2 Rd6+
79.Ke3 Re6  1/2-1/2

[Event "ARG-ch"]
[Site "Buenos Aires"]
[Date "1998.04.29"]
[Round "13"]
[White "Ginzburg, Maximiliano"]
[Black "Dolezal, Cristian"]
[Result "1-0"]
[WhiteElo "2470"]
[BlackElo "2300"]

1.e4 c5 2.Nf3 e6 3.d4 cxd4 4.Nxd4 a6 5.Bd3 Nf6 6.Qe2 d6 7.c4 g6 8.O-O Bg7
9.Rd1 O-O 10.Nf3 Nc6 11.Nc3 Ng4 12.h3 Nge5 13.Be3 Qc7 14.Rac1 Nxf3+ 15.Qxf3 Ne5
16.Qe2 b6 17.f4 Nd7 18.Bb1 Re8 19.Qd2 Bf8 20.Qf2 Bb7 21.b4 Rab8 22.a3 Ba8
23.Bd3 Bg7 24.Qd2 Rbd8 25.Ne2 f5 26.Ng3 Nf6 27.Qf2 Rb8 28.exf5 exf5 29.Bd4 Ne4
30.Bxe4 fxe4 31.Nf1 Rf8 32.Bxg7 Qxg7 33.Rxd6 g5 34.f5 Qe5 35.Re6 Qxf5 36.Qxf5 Rxf5
37.Ne3 Rf4 38.Rd1 Kg7 39.Rdd6 a5 40.b5  1-0

[Event "Boca Juniors op"]
[Site "Buenos Aires"]
[Date "1998.05.11"]
[Round "5"]
[White "Sorokin, Maxim"]
[Black "Giardelli, Sergio C"]
[Result "0-1"]
[WhiteElo "2575"]
[BlackElo "2440"]

1.e4 c5 2.Nf3 e6 3.d4 cxd4 4.Nxd4 a6 5.Bd3 Nf6 6.O-O d6 7.c4 Be7 8.b3 b6
9.Bb2 Bb7 10.Qe2 Nc6 11.Nxc6 Bxc6 12.Nc3 O-O 13.Rad1 Qb8 14.Rfe1 Re8 15.f4 Nd7
16.e5 dxe5 17.fxe5 Ra7 18.a3 Nf8 19.Be4 Qc7 20.Qf3 Bxe4 21.Nxe4 Rd8 22.Nd6 Bxd6
23.exd6 Qc5+ 24.Bd4 Qxd6 25.Bf2 Qb8 26.Rxd8 Qxd8 27.Qc6 Nd7 28.Rd1 h6 29.h3 Qc7
30.Rd6 Qxc6 31.Rxc6 Rb7 32.Rc8+ Kh7 33.b4 Kg6 34.c5 bxc5 35.bxc5 Rb8 36.Rc7 Rb1+
37.Kh2 Nf6 38.c6 Rc1 39.a4 Nd5 40.Rc8 Ne7 41.Rc7 Nxc6 42.a5 Rc4 43.Be1 f5
44.Rb7 Rc1 45.Bd2 Rc2 46.Be1 Nd4 47.Kg1 f4 48.Bf2 Nc6 49.Rb6 e5 50.Rxa6 e4
51.Bb6 e3 52.Kf1 Nb4  0-1

[Event "Warsaw-ch"]
[Site "Warsaw"]
[Date "1998.05.25"]
[Round "3"]
[White "Warszawski, Bartosz"]
[Black "Kadziolka, Andrzej"]
[Result "1-0"]
[WhiteElo "2200"]
[BlackElo "2050"]

1.e4 c5 2.Nf3 e6 3.d4 cxd4 4.Nxd4 a6 5.Bd3 Qc7 6.O-O Nc6 7.Nb3 Nf6 8.Nc3 b5
9.Be3 Be7 10.f4 d6 11.a3 Bb7 12.Qe2 O-O 13.g4 d5 14.e5 Nd7 15.Rf3 Ncxe5 16.fxe5 Nxe5
17.Rh3 Nxd3 18.cxd3 e5 19.d4 e4 20.Rf1 Qd7 21.Qg2 f5 22.Rxf5 Rxf5 23.gxf5 Qxf5
24.Rg3 g6 25.Na5 Bc8 26.Nc6 Bf6 27.Bg5 Bd7 28.Bxf6 Bxc6 29.Be5 Rf8 30.Rg5 Qf7
31.h4 Bd7 32.h5 Bf5 33.Ne2 h6 34.hxg6 Qd7 35.Rh5  1-0

[Event "Garcia mem Premier"]
[Site "Santa Clara"]
[Date "1998.05.28"]
[Round "4"]
[White "Arencibia, Walter"]
[Black "Bellon Lopez, Juan Manuel"]
[Result "1/2-1/2"]
[WhiteElo "2535"]
[BlackElo "2455"]

1.e4 c5 2.Nf3 e6 3.d4 cxd4 4.Nxd4 a6 5.Bd3 d6 6.O-O g6 7.c4 Bg7 8.Nf3 Qc7
9.Nc3 Nd7 10.Be3 Bxc3 11.bxc3 e5 12.Nd2  1/2-1/2

[Event "Garcia mem Masters"]
[Site "Santa Clara"]
[Date "1998.06.01"]
[Round "7"]
[White "Teran Alvarez, Ismael"]
[Black "Garcia, Osmel"]
[Result "1/2-1/2"]
[WhiteElo "2375"]
[BlackElo "2335"]

1.e4 c5 2.Nf3 e6 3.d4 cxd4 4.Nxd4 a6 5.Bd3 Qb6 6.Nb3 Nc6 7.Qe2 d6 8.O-O Nf6
9.Be3 Qc7 10.N1d2 Be7 11.Nc4 Nd7 12.a4 O-O 13.a5 Nce5 14.Nb6 Nxb6 15.Bxb6 Qb8
16.c4 f5 17.exf5 Nxd3 18.Qxd3 Rxf5 19.Rad1 Rf7 20.f4 Bf8 21.Nd4 Bd7 22.f5 Qc8
23.fxe6 Bxe6 24.Nxe6 Qxe6 25.Rde1 Rxf1+ 26.Qxf1 Qf7 27.Qd3 Re8 28.Rxe8 Qxe8
29.Qd5+ Qf7 30.Qe4 Qe7 31.Qxe7 Bxe7 32.Kf2 Kf7 33.Kf3 Ke6 34.Ke4 g6 35.g4 Bg5
36.h3 Bd2 37.b3 Be1 38.Bd8 Bd2 39.Bb6 Be1 40.Bd8 Bd2  1/2-1/2

[Event "Garcia mem Masters"]
[Site "Santa Clara"]
[Date "1998.06.02"]
[Round "8"]
[White "Gongora, Maikel"]
[Black "Rohl, Juan"]
[Result "1/2-1/2"]
[WhiteElo "2340"]
[BlackElo "2375"]

1.e4 c5 2.Nf3 e6 3.d4 cxd4 4.Nxd4 a6 5.Bd3 Nf6 6.O-O Qc7 7.Qe2 d6 8.f4 Nbd7
9.Kh1 g6 10.f5 e5 11.Ne6 fxe6 12.fxe6 Bg7 13.exd7+ Bxd7 14.Bg5 O-O 15.Bc4+ Kh8
16.Bxf6 Rxf6 17.Nc3 Raf8 18.Rxf6 Bxf6 19.Nd5 Qd8 20.Rf1 Kg7 21.Kg1 Bc6 22.c3 b5
23.Bb3 Bxd5 24.Bxd5 h5 25.g3 Qd7 26.Rf3 h4 27.Qf2 hxg3 28.hxg3 Qc7 29.Kg2 a5
30.a3 Qd7 31.c4 bxc4 32.Bxc4 Be7 33.Rf7+ Rxf7 34.Qxf7+ Kh6 35.Be6 Qb5 36.Qf2 Qc5
37.Qxc5 dxc5 38.Kf3 Bg5  1/2-1/2

[Event "Keres mem op"]
[Site "Tallin"]
[Date "1998.06.17"]
[Round "4"]
[White "Kulaots, Kaido"]
[Black "Gavrikov, Viktor"]
[Result "1/2-1/2"]
[WhiteElo "2450"]
[BlackElo "2555"]

1.e4 c5 2.Nf3 e6 3.d4 cxd4 4.Nxd4 a6 5.Bd3 Qb6 6.Nb3 Qc7 7.O-O Nf6 8.f4 d6
9.Kh1 Nbd7 10.Qe2 b6 11.c4 Bb7 12.Nc3 g6 13.a4 Bg7 14.a5 O-O 15.Be3 bxa5
16.Nxa5 Rab8 17.Nxb7 Qxb7 18.Rab1 Nh5  1/2-1/2

[Event "CZE-ch"]
[Site "Zlin"]
[Date "1998.06.19"]
[Round "7"]
[White "Velicka, Petr"]
[Black "Voloshin, Leonid"]
[Result "1/2-1/2"]
[WhiteElo "2430"]
[BlackElo "2420"]

1.e4 c5 2.Nf3 e6 3.d4 cxd4 4.Nxd4 a6 5.Bd3 Bc5 6.Nb3 Ba7 7.Qe2 Nc6 8.Be3 Bxe3
9.Qxe3 d6 10.Nc3 Nf6 11.g4 O-O 12.g5 Nd7 13.h4 b5 14.O-O-O b4 15.Na4 Qc7
16.f4 Ne7 17.Nd2 Bb7 18.Nc4 d5 19.Ncb6 Nxb6 20.Nxb6 Rad8 21.exd5 Nxd5 22.Nxd5 Bxd5
23.Rhg1 Bxa2 24.Qe5 Qxe5 25.fxe5 Bd5 26.Bxa6 Ra8 27.Be2 Ra1+ 28.Kd2 Ra2 29.Rb1 g6
30.Bd3 Kg7 31.Rg4 Rb8 32.Rf4 Rb7 33.b3 Ra8 34.Rbf1 Bg2 35.Re1 Bh3 36.Ree4 Rab8
37.Rd4 Bf5 38.h5 Kf8 39.h6 Ke7 40.Rc4 Ke8 41.Rc5 Rd8 42.Ke3 Bxd3 43.cxd3 Ra8
44.Rfc4 Kd7 45.Rf4 Ke7 46.Rcc4 Ra5 47.Rfe4 Ra3 48.Rxb4 Rxb3 49.Rxb3 Rxb3
50.Ra4 Rb8 51.Ra7+ Ke8 52.Kd4 Rd8+ 53.Kc4 Rc8+ 54.Kd4 Rd8+ 55.Ke4 Rd7 56.Ra5 Ke7
57.Ke3 Rd8 58.Ra4 Rd7 59.Kd2 Rd5 60.d4 Rd8 61.Kc3 Rc8+ 62.Kb4 Rd8 63.Kc5 Rc8+
64.Kb6 Rd8 65.Kc6  1/2-1/2

[Event "Keres mem op"]
[Site "Tallin"]
[Date "1998.06.20"]
[Round "7"]
[White "Gavrikov, Viktor"]
[Black "Miezis, Normunds"]
[Result "1/2-1/2"]
[WhiteElo "2555"]
[BlackElo "2505"]

1.e4 c5 2.Nf3 e6 3.d4 cxd4 4.Nxd4 a6 5.Bd3 Nc6 6.Nxc6 dxc6 7.a4 Nf6 8.O-O e5
9.a5 Be6 10.Qe2 Bc5 11.Ra4 Qe7 12.Nd2 Rd8 13.Kh1  1/2-1/2

[Event "Magistral Algarve"]
[Site "Vila Real de Santo Antonio"]
[Date "1998.06.22"]
[Round "4"]
[White "Ribeiro, Fernando"]
[Black "Strikovic, Aleksa"]
[Result "0-1"]
[WhiteElo "2360"]
[BlackElo "2565"]

1.e4 c5 2.Nf3 e6 3.d4 cxd4 4.Nxd4 a6 5.Bd3 Nf6 6.O-O Qc7 7.c4 Nc6 8.Nxc6 dxc6
9.Nc3 e5 10.f4 Bc5+ 11.Kh1 h5 12.f5 Ng4 13.Qe2 Qd8 14.Bc2 Nxh2 15.Rd1 Qe7
16.Rd3 Ng4 17.Nd1 Bd7 18.Rh3 O-O-O 19.Ne3 Qd6 20.Rb1 g6 21.a3 gxf5 22.exf5 Qf6
23.b4 Bd4 24.Be4 Rdg8 25.a4 Nxe3 26.Bxe3 Rg4 27.Bxd4 exd4 28.b5 axb5 29.Bd3 Re8
30.Qf2 b4 31.Rxb4 c5 32.Rb1 Bc6 33.Rg1 Re3 34.Kh2 Qe5+  0-1

[Event "Copenhagen op"]
[Site "Copenhagen"]
[Date "1998.06.27"]
[Round "7"]
[White "Gullaksen, Eirik T"]
[Black "Zagorskis, Darius"]
[Result "0-1"]
[WhiteElo "2345"]
[BlackElo "2515"]

1.e4 c5 2.Nf3 e6 3.d4 cxd4 4.Nxd4 a6 5.Bd3 Qb6 6.Nb3 Qc7 7.O-O Nf6 8.c4 d6
9.Nc3 Nbd7 10.f4 g6 11.Qe2 Bg7 12.Bd2 O-O 13.Rae1 b6 14.Kh1 Bb7 15.Qf2 Rac8
16.Qh4 Qd8 17.Re3 Nh5 18.Qe1 e5 19.f5 Nf4 20.g3 Nxd3 21.Rxd3 Rxc4 22.Rxd6 Qc7
23.Rd3 Nf6 24.Re3 Nxe4 25.Nxe4 Bxe4+  0-1

[Event "SVK-ch"]
[Site "Prievidza"]
[Date "1998.06.27"]
[Round "1.3"]
[White "Manik, Mikulas"]
[Black "Lakatos, Vladimir"]
[Result "1-0"]
[WhiteElo "2460"]
[BlackElo "2070"]

1.e4 c5 2.Nf3 e6 3.d4 cxd4 4.Nxd4 a6 5.Bd3 Qc7 6.O-O Nf6 7.Qe2 d6 8.c4 Nbd7
9.b3 g6 10.Bb2 Bg7 11.Nc3 O-O 12.Rac1 Ne5 13.Bb1 Nc6 14.Nxc6 bxc6 15.Rfd1 Bb7
16.Na4 Nh5 17.Bxg7 Nxg7 18.Qd2 Rad8 19.Rc3 f5 20.Rd3 Ne8 21.exf5 exf5 22.Qf4 Qf7
23.h4 Qf6 24.b4 Rf7 25.Bc2 Kg7 26.Rg3 Nc7 27.Qg5 Qxg5 28.hxg5 Re7 29.Rgd3 Ne8
30.Bb3 h6 31.gxh6+ Kxh6 32.Nb6 Re5 33.Ba4 g5 34.c5 d5 35.Nc4 Re6 36.Na5 Ba8
37.Rh3+ Kg6 38.Nb3 Ng7 39.Nd4 Rf6 40.Re3 Re8 41.Rxe8 Nxe8 42.Bc2 Ng7 43.Nxf5 Nxf5
44.g4 Bb7 45.Bxf5+ Kf7 46.Kg2 Rh6 47.Kg3 Rh8 48.f4 gxf4+ 49.Kxf4 Rh2 50.a3 a5
51.bxa5 Ba6 52.g5 Rh4+ 53.Ke5 Ra4 54.Rh1 Rxa3 55.Rh7+ Kf8 56.Ra7 Bc4 57.Kf6 Re3
58.Ra8+ Re8 59.Rxe8+ Kxe8 60.Be6  1-0